A-A Vocabulary Words - Statistics

General Stats
  • This quiz has been taken 288 times
  • The average score is 12 of 20
Answer Stats
clue word % Correct
fragrance, eg from coffee or roses aroma
95%
hello in Hawaiian aloha
91%
list of items for discussion at a meeting agenda
89%
branch of mathematics algebra
86%
weight-losing eating disorder anorexia
85%
constricting snake anaconda
83%
Spanish naval fleet armada
74%
breathing illness asthma
73%
suspension of breathing during sleep apnoea
71%
polar light display aurora
70%
operatic song aria
65%
Summer Olympic city Atlanta
60%
constellation named after a Greek princess Andromeda
41%
type of rhododendron azalea
38%
type of hay alfalfa
33%
praise the Lord! alleluia
29%
Oranjestad is this country's capital Aruba
29%
aerial (noun) antenna
19%
plant, and its bruise-healing cream arnica
17%
high-speed Washington to Boston train {Acela} Express
13%
No matching quizzes found
Score Distribution
Percent of People with Each Score
Percentile by Number Answered
Your Score History
You have not taken this quiz